Statistiche per Aeroporti più trafficati del mondo

Clicka qui per fare il quiz!

Statistiche generali

  • Questo quiz è stato fatto 2.361 volte
  • Il punteggio medio è 26 su 50

Statistiche sulle risposte

#città% Corretto
46,0 mNew York (Newark)
97%
61,6 mNew York (JFK)
96%
43,0 mRoma
95%
46,4 mLondra (Gatwick)
93%
80,1 mLondra (Heathrow)
93%
72,2 mParigi
93%
57,9 mMadrid
89%
101 mPechino
89%
87,5 mTokyo (Haneda)
88%
42,6 mTokyo (Narita)
88%
45,8 mMosca (Sheremetyevo)
87%
87,5 mLos Angeles
85%
50,1 mBarcellona
71%
89,1 mDubai
65%
47,7 mCittà del Messico
64%
45,0 mMiami
62%
83,3 mChicago
60%
71,0 mAmsterdam
58%
57,7 mSan Francisco
58%
69,5 mFrancoforte
56%
68,2 mIstanbul
55%
68,4 mSeul
54%
44,5 mSydney
54%
49,5 mToronto
54%
65,6 mSingapore
52%
46,3 mMonaco di Baviera
48%
74,5 mHong Kong
47%
43,6 mShanghai (Hongqiao)
46%
74,0 mShanghai (Pudong)
46%
63,4 mBangkok
45%
66,9 mGiacarta
44%
107 mAtlanta
42%
69,1 mDallas
42%
49,9 mLas Vegas
41%
69,9 mDelhi
36%
49,8 mSeattle
36%
49,9 mMumbai
34%
43,8 mHouston
33%
44,5 mManila
33%
60,0 mKuala Lumpur
30%
64,5 mDenver
29%
46,6 mTaipei
25%
47,7 mOrlando
20%
69,8 mCanton
19%
44,9 mPhoenix
18%
46,4 mCharlotte
11%
44,7 mXi'an
10%
49,3 mShenzhen
9%
53,0 mChengdu
8%
47,2 mKunming
4%

Distribuzione punteggi

Percentile per numero di risposta

Percentuale di utenti per punteggio

I tuoi punteggi nel tempo

Non hai fatto questo quiz